| 000 | 01096nam2a2200241 4500 | ||
|---|---|---|---|
| 001 | RU\NLR\bibl\2082502 | ||
| 005 | 20250616223403.0 | ||
| 010 |
_a978-5-00007-295-0 _bч. 1 _915000 |
||
| 021 |
_aRU _b2013-70691 _94838 |
||
| 035 | _a(NLR Aleph) 002066696 | ||
| 090 |
_a4712469 _c4712469 |
||
| 100 | _a20131026d2013 |||y0rusy50 ca | ||
| 101 | 0 | _arus | |
| 102 | _aRU | ||
| 105 | _aach ||||||||| | ||
| 200 | 0 | _aЧ. 1 | |
| 210 |
_d2013 _aБ. м. |
||
| 215 |
_a430, [1] с., [4] л. цв. ил. _cил., факс., портр. |
||
| 461 | 0 |
_1001RU\NLR\BIBL_A\010005365 _12000#$aЛитература$eучебник для 7 класса общеобразовательных учреждений$eв 2 ч.$fавт.-сост.: Г.С. Меркин$vЧ. 1$90 _99821640 _cМосква _d2013 _fавт.-сост.: Г.С. Меркин _nРусское слово _oучебник для 7 класса общеобразовательных учреждений : в 2 ч. _tЛитература _y9785000072943 _vЧ. 1$90 |
|
| 801 | 0 |
_aRU _bNLR _c20131015 _gRCR |
|
| 801 | 1 |
_aRU _bNLR _c20131015 |
|
| 942 | _cBOOK | ||
| 980 | _aNB | ||